1975 1420 1068 1376 1288 1063 1980 1888 1751 1107 1202 1844 1068 1041 1049 1875 1739 1364 1194 1528 1374 1006 1735 1832 1704 1050 1957 1374 1253 1204 1257 1325 1373 1803 1429 1051 1923 1158 1953 1142 1929 1563 1086 1911 1353 1641 1193 1606 1656 1135 1739 1890 1245 1318 1038 1855 1653 1853 1354 1078 1879 1318 1687 1640 1333 1428 1962 1734 1366 1404 1512 1371 1676 1905 1987 1739 1703 1938 1982 1732 1352 1387 1478 1520 1172 1247 1183 1850 1842 1890 1737 1694 1685 1829 1209 1982 1721 1875 1489 BCNSPRNW ULIB Ver.6.0+V

เปลี่ยนเป็นภาษาไทย

Change to English
 แสดงรายละเอียดบรรณานุกรม
  กลับหน้าหลัก

Brief Record : Get Marc (ISO 2709) : E-mail record : QR code < ปิดหน้าต่าง
LEADER : 00000nam 2200000uu 4500
001    13399129081
003     ULIB
008    250716s2566||||th 000 0 tha d
020    ^a9786166042245
060  4 ^aWY49^bส732ท
100 0  ^aสิริรัตน์ จันทรมะโน.
245 1   ^aเทคนิคการตรวจร่างกายสำหรับนักศึกษาพยาบาล (ฉบับพกพา) / ^cสิริรัตน์ จันทรมะโน.
246 3   ^aPocketbook : physical examination techniques for student nurses
250    ^aพิมพ์ครั้งที่ 1.
250    ^aพิมพ์ครั้งที่ 2.
260    ^aกรุงเทพฯ : ^bแดเน็กซ์ อินเตอร์คอร์ปอเรชั่น, ^c2566.
300    ^a136 หน้า : ^bภาพประกอบ ; ^c15 ซม.
505 0  ^aการตรวจร่างกาย -- การสังเกตลักษณะทั่วไป -- การตรวจผิวหนัง --การตรวจเล็บ -- การตรวจศรีษะส่วนใบหน้า -- การตรวจส่วนคอ -- การตรวจเต้านม -- การตรวจหัวใจ -- การตรวจปอด.
650  2 ^aHealth Sciences Branch
650  2 ^aNurses
650  4 ^aการซักประวัติผู้ป่วย
650  4 ^aการตรวจร่างกาย.
650  4 ^aการตรวจร่างกาย^xเทคนิค.
650  4 ^aการพยายาล^xรวมเรื่อง
650  4 ^aการวินิจฉัยโรค
650  4 ^aสุขภาพ
945    ^p120^l0^i011786
945    ^p120^l0^i011787
945    ^p120^l0^i011788
999    ^aประนอม เกษจรัล
รายการนี้ยังไม่มีแท็ก
คุณยังไม่ได้ล็อกอิน คุณสามารถมีกิจกรรมร่วมกับเว็บไซต์ได้ แต่ต้องล็อกอินก่อน ::
  ล็อกอิน

รายการสื่อสารสนเทศ

ลำดับที่ ประเภท เลขเรียก/บาร์โค้ด สถานที่ สถานะ
1. Book การพยาบาล
หนังสือสำรอง
สถานะ=หนังสือสำรอง
WY49 ส732ท ฉ.1 
  Barcode: 011786
ห้องสมุดวิทยาเขตสวรรค์ประชารักษ์
►หนังสือทั่วไป
บนชั้น
2. Book การพยาบาล
Book การพยาบาล
WY49 ส732ท ฉ.2 
  Barcode: 011787
ห้องสมุดวิทยาเขตสวรรค์ประชารักษ์
►หนังสือทั่วไป
บนชั้น
3. Book การพยาบาล
Book การพยาบาล
WY49 ส732ท ฉ.3 
  Barcode: 011788
ห้องสมุดวิทยาเขตสวรรค์ประชารักษ์
►หนังสือทั่วไป
ถูกยืม กำหนดส่งวันที่ 7 พฤษภาคม 2569
  จอง

รายการใกล้เคียง
    ผู้แต่ง [สิริรัตน์ จันทรมะโน.]

    หัวเรื่อง [Health Sciences Branch]
    หัวเรื่อง [Nurses]
    หัวเรื่อง [การซักประวัติผู้ป่วย]
    หัวเรื่อง [การตรวจร่างกาย.]
    หัวเรื่อง [การวินิจฉัยโรค]
    หัวเรื่อง [สุขภาพ]

BibComment


ยังไม่เคยถูกคอมเมนท์

คอมเมนท์ทรัพยากรรายการนี้
  คอมเมนท์: เทคนิคการตรวจร่..


 Copyright 2026. Bcnsprnw @Library